Zavádzanie triedenia účtovných jednotiek podľa veľkostí v Slovenskej republike
Legisatívne opatrenia, ktoré majú znížiť administratívnu záťaž malých podnikov. Pripravovaná novela zákona o účtovníctve, ktorou sa zabezpečí implementovanie smernice Európskeho parlamentu a Rady 2013/34/EÚ, a ktorá zavádza nové skupiny účtovných jednotiek.
Guardado en:
| Autor principal: | |
|---|---|
| Otros Autores: | |
| Formato: | Capítulo de libro |
| Lenguaje: | eslovaco |
| Materias: | |
| Etiquetas: |
Sin Etiquetas, Sea el primero en etiquetar este registro!
|
MARC
| LEADER | 00000naa$a2200000$$$4500 | ||
|---|---|---|---|
| 001 | 0196813 | ||
| 005 | 20240502083500.0 | ||
| 041 | 0 | |a slo | |
| 044 | |a CZ | ||
| 245 | 1 | 0 | |a Zavádzanie triedenia účtovných jednotiek podľa veľkostí v Slovenskej republike |c Branislav Parajka, Lucia Ondrušová |
| 520 | |a Legisatívne opatrenia, ktoré majú znížiť administratívnu záťaž malých podnikov. Pripravovaná novela zákona o účtovníctve, ktorou sa zabezpečí implementovanie smernice Európskeho parlamentu a Rady 2013/34/EÚ, a ktorá zavádza nové skupiny účtovných jednotiek. | ||
| 610 | 2 | 0 | |a jednotka účtovná |
| 610 | 2 | 0 | |a účtovníctvo prevádzkové |
| 610 | 2 | 0 | |a účtovníctvo podvojné |
| 610 | 2 | 0 | |a kontá |
| 610 | 2 | 0 | |a osnova účtová |
| 610 | 2 | 0 | |a skupiny účtové |
| 610 | 2 | 0 | |a veľkosť podnikov |
| 100 | 1 | |a Parajka, Branislav, 1981- | |
| 700 | 1 | |a Ondrušová, Lucia, 1981- | |